000 00822cam a2200253 4500
999 _c10003
_d10003
001 10003
003 BD-JhCC
005 20191214132833.0
008 720331s1961 ru a 000 0 eng
035 _a(BD-JhCC)10003
040 _aDLC
_cDLC
_dDLC
041 1 _aengrus
050 0 0 _aTJ260
_b.O2413
082 _a600
_bTHE
240 0 0 _aObshchai︠a︡ teplotekhnika. English
245 0 0 _aThermal engineering
_c[by] I. Shvets [and others] Translated from the Russian by S. Semyonov and R. Fesenko. Translation editor: G. Leib.
260 _aMoscow,
_bPeace Publishers
_c[1961]
300 _a483 p.
_billus.
_c22 cm.
500 _aTranslation of Obshchai︠a︡ teplotekhnika.
650 0 _aHeat engineering.
700 1 _aShvet︠s︡ʹ, I. T.
_q(Ivan Trokhymovych),
_d1901-
942 _2ddc
_cBK